000
00284nam a2200109Ia 4500
008
220204s9999 xx 000 0 und d
082
_a
33(083.4)(540)
_b
ECO
245
0
_a
Economic survey 1994-95
260
_a
New Delhi
_b
Ministry of Finance
650
_a
Industrial policy
942
_c
BK
999
_c
40764
_d
40764